| 000 | 00326nam a22001337a 4500 | ||
|---|---|---|---|
| 003 | SGT | ||
| 082 | _a346.54018,RAO | ||
| 100 | _aRAO MANOHER,G. | ||
| 245 | _aLEGAL EDUCATION IN INDIA CHALLENGES & PERSPECTIVES | ||
| 260 |
_aHYDERABAD _bASIA LAW HOUSE _c2009-10 |
||
| 300 | _a304 | ||
| 650 | _aLEGAL EDUCATION | ||
| 942 |
_2ddc _cBK |
||
| 999 |
_c10706 _d10706 |
||